National Infrastructure Commission (Record no. 84793)

MARC details
000 -LEADER
fixed length control field 00962cab a22001935a 4500
001 - CONTROL NUMBER
control field L159077
008 - FIXED-LENGTH DATA ELEMENTS--GENERAL INFORMATION
fixed length control field 160112e2016 xxk 000 0 eng d
035 ## - SYSTEM CONTROL NUMBER
System control number (Sirsi) u159077
041 0# - LANGUAGE CODE
Language code of text/sound track or separate title eng
110 2# - MAIN ENTRY--CORPORATE NAME
Corporate name or jurisdiction name as entry element United Kingdom
Subordinate unit HM Treasury
245 00 - TITLE STATEMENT
Title National Infrastructure Commission
Remainder of title Consultation
260 ## - PUBLICATION, DISTRIBUTION, ETC.
Date of publication, distribution, etc. 2016
520 ## - SUMMARY, ETC.
Summary, etc. Consultation covers the governance, structure and operation of the National Infrastructure Commission. It sets out the key design specifications of a new National Infrastructure Commission, which will provide expert, independent advice on pressing infrastructure issues. The consultation runs from 7 January to 17 March 2016.
590 ## - LOCAL NOTE (RLIN)
Local note KA
651 #4 - SUBJECT ADDED ENTRY--GEOGRAPHIC NAME
Geographic name United Kingdom
690 ## - LOCAL SUBJECT ADDED ENTRY--TOPICAL TERM (OCLC, RLIN)
Topical term or geographic name as entry element Infrastructure
9 (RLIN) 6246
856 40 - ELECTRONIC LOCATION AND ACCESS
Uniform Resource Identifier <a href="https://www.gov.uk/government/uploads/system/uploads/attachment_data/file/489952/National_infrastructure_commission_jan_16_web_final.pdf">https://www.gov.uk/government/uploads/system/uploads/attachment_data/file/489952/National_infrastructure_commission_jan_16_web_final.pdf</a>
Public note Please view this item free of charge at www.gov.uk
942 ## - ADDED ENTRY ELEMENTS (KOHA)
Suppress in OPAC 0
Holdings
Withdrawn status Lost status Source of classification or shelving scheme Damaged status Not for loan Home library Current library Shelving location Date acquired Total Checkouts Full call number Barcode Date last seen Copy number Price effective from Koha item type
    Dewey Decimal Classification     Virtual Virtual Online 12/01/2016   ONLINE PUBLICATION 159077-2001 06/08/2019 1 06/08/2019 Book